00379nam a2200097Ia 4500008004100000100002300041245012100064260006300185650001400248999001900262160725s9999 xx 000 0 und d aMiranda, Joanne R. aExploring the video clip presentation as a performance assessment task in a meaningful engaged learning environment. bKaizen Research Journal College of EducationcJanuary 2014 aEDUCATION c298004d298004